| 000 | 00810nam a2200241 a 4500 | ||
|---|---|---|---|
| 001 | BRCA_5314 | ||
| 005 | 20190320205028.0 | ||
| 008 | 021210s1992----mx-af#####---#000-0#spa-# | ||
| 020 | _a968611307X | ||
| 041 | _aspa | ||
| 044 | _amx | ||
| 050 | 4 |
_aTS542 _b.L67 1992 |
|
| 100 | 1 |
_aLoske, Lothar M. _913407 |
|
| 245 | 1 | 0 |
_aArs Temporis _bel arte de la medición del tiempo _cLothar M. Loske. |
| 260 |
_aMéxico _bChrysler México _c1992 |
||
| 300 |
_a167 p. _bil. (algunas a color) _c32 cm. |
||
| 440 | 0 |
_aColección editorial de arte Chrysler _9643 |
|
| 500 | _aIncluye cronología de la historia de la medición del tiempo y biografía del Dr. Lothar Max Loske Kuhnert | ||
| 500 | _aDonación Dr. Héctor Rivero Borrell Vázquez | ||
| 650 | 1 | 4 |
_aRelojes _xHistoria _913629 |
| 902 | _aDHR | ||
| 942 |
_2lcc _cB |
||
| 999 |
_c5008 _d5008 |
||